SILAS MARNER (Record no. 3182)
[ view plain ]
| 000 -LEADER | |
|---|---|
| fixed length control field | 00605nam a22001457a 4500 |
| 020 ## - INTERNATIONAL STANDARD BOOK NUMBER | |
| ISBN | 81-8252-253-6 |
| 082 ## - DEWEY DECIMAL CLASSIFICATION NUMBER | |
| Classification number | 823 |
| Item number | EST/R |
| 100 ## - MAIN ENTRY--AUTHOR NAME | |
| Personal name | ELIOT, GEORGE |
| 245 ## - TITLE STATEMENT | |
| Title | SILAS MARNER |
| 260 ## - PUBLICATION, DISTRIBUTION, ETC. (IMPRINT) | |
| Place of publication | MUMBAI |
| Name of publisher | SILCO PUBLISHING HOUSE |
| Year of publication | 2006 |
| 300 ## - PHYSICAL DESCRIPTION | |
| Number of Pages | 200 |
| 520 ## - SUMMARY, ETC. | |
| Summary, etc | Silas Marner unfolds as a tale of love, redemption, and unforeseen twists. Initially framed for theft, Silas, the isolated weaver, rebuilds his life in the village of Raveloe, isolated from human bonds. A pivotal event occurs when his gold is stolen by Dunstan Cass, the sly son of the Squire Cass. |
| 650 ## - SUBJECT ADDED ENTRY--TOPICAL TERM | |
| Topical Term | NOVEL |
| Geographic subdivision | INDIA |
| 942 ## - ADDED ENTRY ELEMENTS (KOHA) | |
| Koha item type | Books |
| Withdrawn status | Lost status | Collection code | Home library | Current library | Shelving location | Date acquired | Source of acquisition | Full call number | Accession Number | Koha item type |
|---|---|---|---|---|---|---|---|---|---|---|
| Fiction | Main Library | Main Library | SHELF-14E- ALPHABETICAL -E,F,G --ENGLISH NOVELS & FICTIONS | 27/03/2015 | purchase | 823 EST/R | 08477 | Books |